01234nam a2200241Ia 4500001001100000003001000011008004100021040002500062041001300087100002300100245002700123250001100150260006700161300002700228500018600255501011400441520018600555650003400741942000700775957000600782999004200788952016200830L240-11846IT-CnALBA170116s9999||||xx |||||||||||||| ||und|| aIT-CnALBAcIT-CnALBA aITALIANO aBERNADOT M.V., OP. 0aMARIA NELLA MIA VITA.  a4a ed. aCINISELLO BALSAMO (MI)bEDIZIONI PAOLINEc1959 [1° Ed.: n.d.] a197 p. (prefazione: 9) aTRADUZIONE DAL FRANCESE DONO DI DON SAREDI SSP. GESÙ DONO DI MARIA. MARIA E LA GRAZIA. PROGRESSO DELLA VITA SPIRITUALE. SACRAMENTI MERITO PREGHIERA. PERFEZIONE ABBANDONO A MARIA.  aSocietà San Paolo EM - Piazza San Paolo, 14 - 12051 ALBA (CN) (non commercial uses only) ® Copyright 2017 aTRADUZIONE DAL FRANCESE DONO DI DON SAREDI SSP. GESÙ DONO DI MARIA. MARIA E LA GRAZIA. PROGRESSO DELLA VITA SPIRITUALE. SACRAMENTI MERITO PREGHIERA. PERFEZIONE ABBANDONO A MARIA.  aTEOLOGIA SPIRITUALE CRISTIANA cBK 71 a16599bNOg Copie: 1 c271023d271023 0010406L_2401184671aALBAbALBAd2017-01-16l0oL240-11846r2017-01-16 00:00:00w2017-01-16yBKz(data import: 16 gennaio 2017) - By Epidotti, Vaglietti.